Handwörterbuch der Organisation

Guardado en:
Detalles Bibliográficos
Formato: Libro
Lenguaje:alemán
Publicado: Stuttgart : C.E.Poeschel Verlag, 1992
Edición:3.Aufl.
Materias:
Etiquetas: Agregar Etiqueta
Sin Etiquetas, Sea el primero en etiquetar este registro!

MARC

LEADER 00000nam a22000003a 4500
001 stu44310
005 20150408180416.4
008 950301s1992----gw------------------ger-d
020 |a 3-7910-8027-X 
040 |a STU  |b slo 
041 0 |a ger 
044 |a gw 
080 |a 65.012.3(038) 
245 |a Handwörterbuch der Organisation 
250 |a 3.Aufl. 
260 |a Stuttgart :  |b C.E.Poeschel Verlag,  |c 1992 
300 |a 2763 s 
650 7 |a organizácia  |2 stusub 
650 7 |a slovníky výkladové  |2 stusub 
996 |b 284M039978  |c M*8893-1  |l MMST  |s P  |a 0  |w stu44310_0001